L'Art catalan du Xe av XVe siècle : Jeu de Paume des Tuileries : mars-avril 1937 Jeu de Paume des Tuileries : mars-avril 1937
Descripción Física:
64, 42 pàg. : il. ; 27 cm
Materias:
Galerie du Jeu de Paume -- Exposicions
; Fons Joan Junyer i Pascual (1909-1994)
; Art català -- S. X-XV -- Exposicions
Idioma:
French
MARC
| LEADER | 00000nam a2200000 a 4500 | ||
|---|---|---|---|
| 001 | 24845 | ||
| 003 | AGDB | ||
| 005 | 20260324181536.0 | ||
| 008 | 120928s1937 fr 000 0 fre|c | ||
| 035 | |a (ES-BaCBU).b6705528x | ||
| 040 | |a ES-BaCBU |b cat |c ES-BaCBU | ||
| 041 | |a fre | ||
| 245 | 0 | 2 | |a L'Art catalan du Xe av XVe siècle : |b Jeu de Paume des Tuileries : mars-avril 1937 |
| 260 | |a Paris : |b Gauthier-Villars , |c 1937 | ||
| 300 | |a 64, 42 pàg. : |b il. ; |c 27 cm | ||
| 500 | |a Prové del fons Joan Junyer i Pascual (1909-1994) | ||
| 500 | |a Exemplar en mal estat de conservació. Falten la coberta i algunes pàgines | ||
| 600 | 0 | |a Galerie du Jeu de Paume |x Exposicions |2 lemac |9 72519 | |
| 650 | |a Fons Joan Junyer i Pascual (1909-1994) |9 72777 | ||
| 650 | 0 | |a Art català |y S. X-XV |x Exposicions |2 Arxiu |9 35501 | |
| 907 | |a .b6705528x |b 25-06-21 |c 04-05-16 |d 04-05-16 |e m |f a |g - |h fre |i fr |j 2 |k 1 | ||
| 908 | |a ANC | ||
| 942 | |2 udc |c ARXIU |n 1 | ||
| 952 | |0 0 |1 0 |4 0 |6 F50483 |7 1 |9 98480 |a Arxiu |b Arxiu |d 2025-10-15 |l 0 |o F-504-83 |p 24845 |r 2025-10-15 13:40:41 |w 2025-10-15 |y ARXIU | ||
| 999 | |c 130233 |d 130233 | ||